Distribution of carbon-black in the NR/BR associations (Record no. 46048)

MARC details
000 -LEADER
fixed length control field 00296nam a2200109Ia 4500
100 ## - MAIN ENTRY--AUTHOR NAME
Personal name Surugue C
245 #0 - TITLE STATEMENT
Title Distribution of carbon-black in the NR/BR associations
260 ## - PUBLICATION, DISTRIBUTION, ETC. (IMPRINT)
Name of publisher Caoutchoucs et Plastiques
Year of publication 1987
300 ## - PHYSICAL DESCRIPTION
Number of Pages 139-143
942 ## - ADDED ENTRY ELEMENTS (KOHA)
Koha item type Reprints
Holdings
Withdrawn status Lost status Damaged status Not for loan Home library Current library Date acquired Serial Enumeration / chronology Accession Number Koha item type
      Reprints RRII Library RRII Library 22/12/2021 Volume 672, Issue P01108 Reprints